Connected : the amazing power of social networks and how they shape our lives

Αποθηκεύτηκε σε:
Λεπτομέρειες βιβλιογραφικής εγγραφής
Κύριος συγγραφέας: Christakis, Nicholas A.
Άλλοι συγγραφείς: Fowler, James H., 1970-
Μορφή: Βιβλίο
Γλώσσα:English
Δημοσίευση: Great Britain : Harper Press, 2010
Θέματα:
Ετικέτες: Προσθήκη ετικέτας
Δεν υπάρχουν, Καταχωρήστε ετικέτα πρώτοι!

MARC

LEADER 00000cam a2200000 i 4500
001 1/6163
008 100326s2010 eng d
020 |a 978-0-00-734743-8 
035 |l 10107416 
040 |a GR-MY-UA  |b gre  |e aacr 
041 0 |a eng 
082 0 |a 303.3  |2 (22) 
100 1 |a Christakis, Nicholas A. 
245 1 0 |a Connected :  |b the amazing power of social networks and how they shape our lives /  |c Nicholas A. Christakis and James H. Fowler 
260 |a Great Britain :   |b Harper Press,   |c 2010 
300 |a xiii, 338 σ., [8] σ. φύλλα πινάκων;  |b έγχρ. εικ.;  |c 24 εκ. 
504 |a Περιέχει βιβλιογραφικές παραπομπές και ευρετήριο 
650 0 0 |a Social networks. 
700 1 |a Fowler, James H.,   |d 1970- 
852 |a INST  |b LESVOS  |e 20100326  |h 302.3 CHR  |p 005100046917  |q 005100046917  |t BK  |y 0 
901 |a BIBL1-2010-1 
909 |a Λ  |b 163075 
970 |a ΓΙΑΛΑΜΑ  |b ΜΑΡΙΑ  |z 2010/03/26